Central Library OPAC University of Rajshahi

Shorter novels of Herman Melville / (Record no. 65635)

MARC details
000 -LEADER
fixed length control field 01069nam a2200289 a 4500
001 - CONTROL NUMBER
control field 65635
003 - CONTROL NUMBER IDENTIFIER
rucl marc code BD-RjUL
005 - DATE AND TIME OF LATEST TRANSACTION
control field 20211209081440.0
008 - FIXED-LENGTH DATA ELEMENTS--GENERAL INFORMATION
fixed length control field 170309s1928 nyu 000 1 eng
035 ## - SYSTEM CONTROL NUMBER
System control number (BD-RjUL)65765
040 ## - CATALOGING SOURCE
Original cataloging agency DLC
Transcribing agency DLC
Modifying agency DLC
-- BD-RjUL
Language of cataloging eng
041 ## - LANGUAGE CODE
Language code of text/sound track or separate title eng
082 ## - DEWEY DECIMAL CLASSIFICATION NUMBER
Edition number 23
Classification number 813.3
Author mark and year MES 1928
100 1# - MAIN ENTRY--PERSONAL NAME
Personal name Melville, Herman,
Dates associated with a name 1819-1891.
9 (RLIN) 194156
245 10 - TITLE STATEMENT
Title Shorter novels of Herman Melville /
Statement of responsibility, etc. Herman Melville ; with an introduction by Raymond Weaver.
260 ## - PUBLICATION, DISTRIBUTION, ETC. (IMPRINT)
Place of publication, distribution, etc. New York :
Name of publisher, distributor, etc. Grosset's University Library,
Date of publication, distribution, etc. c1928.
300 ## - PHYSICAL DESCRIPTION
Pagination li, 328 p. ;
Size 23 cm.
490 0# - SERIES STATEMENT
Series statement The Black and gold library
500 ## - GENERAL NOTE
General note Illustrated lining-papers.
505 0# - FORMATTED CONTENTS NOTE
Formatted contents note Benito Cereno.--Bartleby, the scrivener.--The Encantadas; or, Enchanted isles.--Billy Budd, foretopman.
600 ## - SUBJECT ADDED ENTRY--PERSONAL NAME
Personal name Melville, Herman,
Dates associated with a name 1819-1891
650 ## - SUBJECT ADDED ENTRY--TOPICAL TERM
Topical term or geographic name as entry element Short stories
9 (RLIN) 185507
Topical term or geographic name as entry element American fiction
9 (RLIN) 185644
700 1# - ADDED ENTRY--PERSONAL NAME
Personal name Weaver, Raymond M.
Fuller form of name (Raymond Melbourne),
Dates associated with a name 1888-1948,
Relator term ed.
830 ## - SERIES ADDED ENTRY--UNIFORM TITLE
Uniform title The Black and gold library
942 ## - ADDED ENTRY ELEMENTS (KOHA)
Source of classification or shelving scheme Dewey Decimal Classification
Koha item type Books
Holdings
Lost status Source of classification or shelving scheme Damaged status Not for loan Collection code Permanent Location Current Location Shelving location Date acquired Source of acquisition Total Checkouts Full call number Date last seen Copy number Koha item type
  Dewey Decimal Classification   Not For Loan Fiction Central Library, University of Rajshahi Central Library, University of Rajshahi Reading Room 04/03/1963 Zeitlinger   813.3 MES 1928 09/03/2017 C-1 Books